Gender (Record no. 11997)

MARC details
000 -LEADER
fixed length control field 00599 a2200217 4500
001 - CONTROL NUMBER
control field 139318
003 - CONTROL NUMBER IDENTIFIER
control field OSt
005 - DATE AND TIME OF LATEST TRANSACTION
control field 20251205143420.0
008 - FIXED-LENGTH DATA ELEMENTS--GENERAL INFORMATION
fixed length control field
020 ## - INTERNATIONAL STANDARD BOOK NUMBER
International Standard Book Number 9780415669627
082 ## - DEWEY DECIMAL CLASSIFICATION NUMBER
Classification number 305.4
Item number E15G
245 1# - TITLE STATEMENT
Title Gender
Statement of responsibility, etc edited by Maru Evans and Carolyn H. Williams
Remainder of title : the key concepts
260 ## - PUBLICATION, DISTRIBUTION, ETC. (IMPRINT)
Place of publication, distribution, etc London
Name of publisher, distributor, etc Routledge
Date of publication, distribution, etc 2013
300 ## - PHYSICAL DESCRIPTION
Extent 277p.
546 ## - LANGUAGE NOTE
Language note english
650 ## - SUBJECT ADDED ENTRY--TOPICAL TERM
Topical term or geographic name as entry element English
653 ## - INDEX TERM--UNCONTROLLED
Uncontrolled term Women's studies; Sex role-Study and teaching; Feminism
700 ## - ADDED ENTRY--PERSONAL NAME
Personal name Evans, Mary, Ed.
700 ## - ADDED ENTRY--PERSONAL NAME
Personal name Williams, Carolyn H, Ed.
942 ## - ADDED ENTRY ELEMENTS (KOHA)
Source of classification or shelving scheme Dewey Decimal Classification
Koha item type Books
Holdings
Withdrawn status Lost status Source of classification or shelving scheme Damaged status Not for loan Collection code Home library Current library Department Date acquired Source of acquisition Cost, normal purchase price Inventory number(Invoice/Date) Total Checkouts Full call number Barcode Date last seen Date checked out Price effective from Koha item type
    Dewey Decimal Classification     General Text Book Central University Of Rajasthan Central University Of Rajasthan English 12/03/2014 Rawat Booksellers 2094.38 198/20-8-13 2 305.4 E15G 15189 02/01/2024 29/09/2023 02/09/2020 Books